| 000 | 00351nam a22001097a 4500 | ||
|---|---|---|---|
| 082 |
_a297.61 _bLudianvi _cMasjid |
||
| 100 |
_aمولانا محمد یوسف لدھیانوی _951145 |
||
| 245 | _aاختلاف امت اور صراط مستقیم | ||
| 260 |
_aLahore _bMaktaba Madina |
||
| 526 |
_a0 _b0 _c0 _d297_610000000000000_LUDIANVI |
||
| 942 |
_2ddc _cBK |
||
| 999 |
_c553905 _d553905 |
||